000 00602nam a2200193Ia 4500
003 GCL
008 140319s9999 xx 000 0 ara d
040 _aGCL /
_cGCL
082 0 4 _a953
_bم ف
100 1 _aمحمد عبدالمنعم خفاجى
245 1 0 _aفلسفة التاريخ الاسلامى /
_cمحمد عبدالمنعم خفاجى
260 _a[S.N] :
_bدار الجيل ،
_c1992
300 _a312 ص
490 _a
650 0 4 _aالفلسفة الاسلامية
650 0 4 _aالتاريخ الاسلامى
650 0 4 _aالحضارة الاسلامية
942 _2ddc
_cBK
999 _c53094
_d53094